Дело о службе члена Государственного совета князя Николая Григорьевича Репнина

Доступно только в Электронных читальных залах Найти на картеНа карте
RUSMARC
00004033nmc2a22000003x 450
001f94af6f9-f0e7-4015-b5ca-9ab6d5cbefd8
00520190222130747.0
100##$a20170918l18341847k l0rusy0189 ca
1010#$arus
102##$aRU
2001#$aДело о службе члена Государственного совета князя Николая Григорьевича Репнина
$j6 декабря 1834 г. - 20 мая 1847 г.
251##$cДело
300##$aОриг. заголовок дела: Дело о члене Государственного совета, генерале от кавалерии князе Николае Григорьевиче Репнине. 6 декабря 1834 г. - 20 мая 1847 г
801#0$aRU
$bРГИА
$c20170918
$gRCR
801#1$aRU
$bГлавНИВЦ
$c20170918
$2rusmarc
801#2$aRU
$bПБ им. Б.Н. Ельцина
$c20190222
$gRCR
$2rusmarc
850##$aРГИА
852##$aРГИА
$eФедеральное казенное учреждение "Российский государственный исторический архив" (РГИА)
$j451
937##$hРГИА
$d12269833
$aASBIBLIO_SCAN
462#0$100184dc0777-8539-4146-baa0-e467fb9946e7
$12001
$aЛичные дела членов Государственного совета по назначению и по выборам
$1251
$cОпись
$1852
$j6
461#0$10014f646d5e-4fbe-4f67-8c12-ae6847c1257a
$12001
$aГосударственная канцелярия Государственного совета
$1251
$cФонд
$1852
$j1162
215##$a12 л.
$d36,5х26 см
371##$aДокумент не является опубликованным и широко распространяемым
105##$ay###
1222#$ad
5171#$aДело о члене Государственного совета, генерале от кавалерии князе Николае Григорьевиче Репнине. 6 декабря 1834 г. - 20 мая 1847 г
035##$af94af6f9-f0e7-4015-b5ca-9ab6d5cbefd8
856##$uhttp://readingroom.main.prlib.ru/item.aspx?id_node=n125941639&mode=full
Формат отображения